| 000 | 01298nam a2200421 a 4500 | ||
|---|---|---|---|
| 008 | 130726s2009 ag ||||| |||| 00| 0 spa d | ||
| 020 | _a9788496921375 | ||
| 041 | _aspa | ||
| 092 |
_c617 _l42 _sJAR |
||
| 100 | 1 |
_aJarrell, Bruce E. _92523 |
|
| 245 |
_aNMS. _bCirugia / _cBruce E. Jarrell |
||
| 250 | _a5a ed. | ||
| 260 |
_aBarcelona: _bLippincott; _c2009. |
||
| 300 | _a678 p. | ||
| 500 | _aJarrell, B. E., Carabasi, R.A. y Kennedy, E. (2009). NMS. Cirugia. (5a ed.). Barcelona : Lippincott. | ||
| 653 | _aCirugia | ||
| 653 | _aFisiologĂa quirurgica | ||
| 653 | _aCirugia general | ||
| 653 | _aFactores de riesgo | ||
| 653 | _aTrastornos toracicos | ||
| 653 | _aTrastornos vasculares | ||
| 653 | _aTrastornos gastrointestinales | ||
| 653 | _aTrastornos endocrinos | ||
| 653 | _aTrastornos cabeza y cuello | ||
| 653 | _aTraumatismos y quemaduras | ||
| 653 | _aBazo | ||
| 653 | _aMamas | ||
| 653 | _aTrasplante de organos | ||
| 653 | _aCirugia urologica | ||
| 653 | _aCirugia plastica y de la piel y tejidos blandos | ||
| 653 | _aNeurocirugia | ||
| 653 | _aOrtopedia | ||
| 653 | _aCirugia pediatrica | ||
| 653 | _aCirugia laparoscopica | ||
| 700 | 1 |
_aCarabasi, R.A. _cIII _qR. Anthony Carabasi III _92525 |
|
| 700 | 1 |
_aKennedy, Eugene _92526 |
|
| 942 |
_2ddc _cBK |
||
| 999 |
_c1586 _d1586 |
||